000 00694nab a2200193 4500
001 244442
003 OSt
005 20251027103636.0
007 tu
008 200917s2020|||||||
040 _aDE-2950
_cDE-2950
245 0 0 _aDie farbige Botschaft der Nikolaikirche
_bMalereien. Ein Forschungsprojekt der Universität Potsdam will die mittelalterlichen Kunstwerke wieder ans Licht holen und die Bedeutung ihrer Bilder für Stadt und Glauben neu interpretieren/
_cRalf Loock
264 _c2025
653 _aFrankfurt (Oder)
653 _aNikolaikirche
653 _aMalereien
773 0 _g36. Jahrgang (2025) Nr. 249 vom 25.10.2025, S. 19 mit Foto
_tMärkische Oderzeitung
942 _2z
_cA
999 _c374091
_d374091